000 00493nam a2200181Ia 4500
003 GCL
008 140319s9999 xx 000 0 eng d
040 _aGCL /
_cGCL
082 0 4 _a501.1
_bB M
100 1 _aBELLOMO, NICOLA
245 1 0 _aMODELLING MATHEMATICAL METHODS AND SCIENTIFIC COMPUTATION /
_cBELLOMO, NICOLA
700 1 _aPREZIOSI, LUIGI
260 _a[S.N] :
_bCRC PRESS ،
_c1994
300 _a497 P
650 0 4 _aMATHEMATICAL MODELS
650 0 4 _aCOMPUTATION
942 _2ddc
_cBK
999 _c10295
_d10295